000 00475nam a2200169 a 4500
005 20140310183205.0
008 030204s19uu xx 00 eng d
020 _a425032302
050 _aPZ 7
_b.L884 1976
100 _aLottman, Eileen
245 _aThe Bionic woman :
_bwelcome home, Jaime /
_cEileen Lottman.
260 _aNew York ;
_bBerkley Publishing Corporotion,
_c1976.
300 _a151 p. :
_c17 cm.
650 _aFiction
942 _cBK
_2lcc
999 _c19977
_d19977